| 000 | 00457nam a22001457a 4500 | ||
|---|---|---|---|
| 082 |
_a616.5 _bSHA |
||
| 100 |
_aShahzad, Muhammad Khurram _9114223 |
||
| 245 |
_a An Easy Approach To Toacs In Dermatology and Important Dermatopathology Slides / _cMuhammad Khurram Shahzad |
||
| 250 | _a2nd Edition. | ||
| 260 |
_aLahore : _bZubair Book Dep, _c2019. |
||
| 300 |
_a314 p. ; _bill, _c24 cm. |
||
| 563 | _aPBK. | ||
| 650 |
_aDermatology _9114131 |
||
| 942 |
_2ddc _cBK |
||
| 999 |
_c595594 _d595594 |
||